• 首页
  • 本馆介绍
  • 公告通知
  • 最新文献
  • 馆藏检索
  • 电子资源
  • 读者导购
  • 参考咨询
  • 我的图书馆
  • 登录
  • 期刊详细显示
  • 现刊情况显示
  • 合订本情况显示
  • 篇目信息显示

期刊信息

  • 表格格式
  • 工作单格式
  • 卡片格式
索取号 
O13:Z89/MRAI
题名 
Mathematical Views Annual Index
作者 
Jonathan L.Alperin
分册号 
分册名 
出版地 
RHODE ISLAND
出版者 
American Mathematical Society
标准刊号 
0025-5629
出版频率 
月刊
中图法分类 
O13:Z89
主题词 
高等数学
电子资源 
000 00484nas0 2200181 45
001 0734462547
005 20131118104015.49
011    @a0025-5629
100    @a20070415d km y0chiy0120 ea
101 0  @aeng
200 1  @aMathematical Views Annual Index@fJonathan L.Alperin
210    @aRHODE ISLAND@cAmerican Mathematical Society
326    @a月刊
606 0  @a高等数学
690    @aO13:Z89@v4
701  0 @aJonathan L.Alperin
801  0 @aCN@bPFT@c20070415
905    @aTJWY@dO13:Z89@eMRAI
    
    Mathematical Views Annual Index/Jonathan L.Alperin.-RHODE ISLAND:American Mathematical Society
    
    
    
    ISSN 0025-5629
    
●
相关链接: 在易读查询期刊 在中国知网中查询期刊 在万方数据查询期刊 在维普查询期刊
唐山师范学院图书馆 欢迎您!
大连网信软件有限公司© 版权所有